[Event "GER-ch U25 op-B"]
[Site "Oberhof"]
[Date "2012.06.01"]
[Round "8"]
[White "Huruglica, Emre"]
[Black "Acikel, Mert"]
[Result "0-1"]
[WhiteElo "1103"]
[BlackElo "970"]
[PlyCount "104"]
[EventDate "2012.05.27"]
[EventType "swiss"]
[EventRounds "9"]
[EventCountry "GER"]
[SourceTitle "CBM 148 Extra"]
[Source "ChessBase"]
[SourceDate "2012.06.22"]
[SourceVersion "1"]
[SourceVersionDate "2012.06.22"]
[SourceQuality "1"]

1. d4 d5 2. e4 e6 3. exd5 exd5 4. Nc3 Nf6 5. Bg5 Be7 6. Nf3 Bf5 7. Bd3 Bg6 8. Ne5 Nbd7 9. Nxg6 hxg6 10. Bxf6 Nxf6 11. Qe2 Qd7 12. 0-0-0 0-0-0 13. Rde1 Rde8 14. a3 Bxa3 15. Qf3 Bb4 16. Rxe8+ Rxe8 17. Ne2 Qg4 18. Qxg4+ Nxg4 19. Rf1 Nxh2 20. Rg1 Ng4 21. c3 Nxf2 22. Kc2 Nxd3 23. Kxd3 Bd6 24. Rf1 f6 25. Rh1 Kd7 26. Rh7 Re7 27. Rh8 Re8 28. Rh7 Rg8 29. g3 b6 30. b4 a5 31. bxa5 bxa5 32. Kc2 Kc6 33. Kb3 Re8 34. Nf4 Bxf4 35. gxf4 Rg8 36. Ka4 Kb6 37. Rh1 Re8 38. Rb1+ Kc6 39. Rb5 Ra8 40. Rc5+ Kd6 41. Rb5 Ke6 42. Rb7 Kd6 43. Rb5 g5 44. fxg5 fxg5 45. Rb1 Rf8 46. Rb5 Ra8 47. Rb1 Rf8 48. Rb5 Rf1 49. Ka3 g4 50. Kb2 g3 51. Rxa5 g2 52. Ra6+ Kd7 0-1

[Event "Lippe Cup-C 08th"]
[Site "Lieme"]
[Date "2011.10.30"]
[Round "5"]
[White "Chalkhajav, Temuujin"]
[Black "Huruglica, Emre"]
[Result "1/2-1/2"]
[WhiteElo "1093"]
[BlackElo "1036"]
[PlyCount "42"]
[EventDate "2011.10.28"]
[EventType "swiss"]
[EventRounds "5"]
[EventCountry "GER"]
[SourceTitle "EXT 2012"]
[Source "ChessBase"]
[SourceDate "2011.11.24"]
[SourceVersion "1"]
[SourceVersionDate "2011.11.24"]
[SourceQuality "1"]

1. e4 d5 2. exd5 Nf6 3. Nc3 c6 4. dxc6 Nxc6 5. Bb5 Bd7 6. Nf3 a6 7. Ba4 e6 8. 0-0 Bc5 9. d4 Bd6 10. Bg5 b5 11. Bb3 0-0 12. Re1 Na5 13. d5 Nxb3 14. axb3 Be7 15. h3 Re8 16. dxe6 Bxe6 17. Qxd8 Raxd8 18. Rxa6 Bb4 19. Rd1 Rxd1+ 20. Nxd1 Ne4 21. Be3 Rd8 1/2-1/2

[Event "Lippe Cup-C 08th"]
[Site "Lieme"]
[Date "2011.10.29"]
[Round "3"]
[White "Huruglica, Emre"]
[Black "Schroeder, Mariusz"]
[Result "1-0"]
[WhiteElo "1036"]
[BlackElo "1168"]
[PlyCount "49"]
[EventDate "2011.10.28"]
[EventType "swiss"]
[EventRounds "5"]
[EventCountry "GER"]
[SourceTitle "EXT 2012"]
[Source "ChessBase"]
[SourceDate "2011.11.24"]
[SourceVersion "1"]
[SourceVersionDate "2011.11.24"]
[SourceQuality "1"]

1. e4 c5 2. d4 cxd4 3. c3 dxc3 4. Nxc3 Nc6 5. Nf3 d6 6. Bc4 a6 7. Be3 Nf6 8. 0-0 Bg4 9. h3 Bxf3 10. Qxf3 e6 11. Rfd1 Qb8 12. Bg5 Be7 13. Qg3 Ne5 14. Bb3 h6 15. Bxf6 Bxf6 16. f4 Nc6 17. f5 Bd4+ 18. Kh1 Be5 19. Qg4 Nd4 20. fxe6 Nxe6 21. Bxe6 fxe6 22. Qxe6+ Kf8 23. Rf1+ Bf6 24. Nd5 Qd8 25. Nxf6 1-0